000 00566nam a2200193Ia 4500
003 IN-BaIIA
008 211028s9999 xx 000 0 eng d
020 _a0-08-026314-3
040 _cIIA Library
080 _a063:523.34
_b11LC-2
110 _aLunar and Planetary Institute
_910749
245 0 _aMeteorite and Regolith Studies
_cLunar and Planetary Institute
260 _aNew York
_bPergamon Press
_c1980
300 _ax, 839-1776p
650 _aAstronomy and Astrophysics Thesaurus
650 _aGeology
650 _aMoon
942 _cBK
999 _c7016
_d7016